Loading...
Religion | 0 | 5 | 0 | 2 | 50 | 70 | 102.60 | 0 | 4 |
Science - Physics | 0 | 3 | 0 | 1 | 30 | 21 | 82.67 | 1 | 2 |
Literature - British Literature | 0 | 3 | 0 | 0 | 30 | 115 | 127.67 | 1 | 3 |
Science - Other Science | 0 | 2 | 0 | 0 | 20 | 67 | 92.50 | 1 | 2 |
Fine Arts - Painting & Sculpture | 0 | 2 | 0 | 0 | 20 | 73 | 80.00 | 0 | 2 |
History - World History | 0 | 2 | 0 | 0 | 20 | 115 | 115.50 | 0 | 2 |
Mythology | 0 | 3 | 2 | 1 | 20 | 59 | 66.67 | 2 | 3 |
Social Science | 0 | 1 | 0 | 0 | 10 | 82 | 82.00 | 0 | 1 |
History - American History | 0 | 1 | 0 | 0 | 10 | 94 | 94.00 | 0 | 0 |
Literature - American Literature | 0 | 1 | 0 | 0 | 10 | 107 | 107.00 | 0 | 1 |
Literature - European Literature | 0 | 1 | 0 | 1 | 10 | 140 | 140.00 | 0 | 0 |
Literature - World Literature | 0 | 1 | 0 | 0 | 10 | 23 | 23.00 | 1 | 1 |
Philosophy | 0 | 1 | 0 | 1 | 10 | 121 | 121.00 | 1 | 1 |
Fine Arts - Other Fine Arts | 0 | 1 | 0 | 0 | 10 | 128 | 128.00 | 0 | 1 |
History - European History | 0 | 0 | 0 | 0 | 0 | 0.00 | 0 | 0 | |
Science - Biology | 0 | 0 | 1 | 0 | -5 | 0.00 | 0 | 0 |